=LDR 00000nam 2200000 4500 =001 $a INLIS000000000011170 =005 $a 20260702160427 =008 $a 260702###########################0###### =020 ##$$a =035 ##$$a 0010-0726000001 =082 ##$$a =084 ##$$a =100 #$$a =240 ##$$a =245 ##$$a 66 $b $c =246 ##$$a =247 ##$$a =264 ##$$a $b $c =300 ##$$a $b $c $e =310 ##$$a =321 ##$$a =336 ##$$a =337 ##$$a =338 ##$$a =520 #$$a =600 #$$a =700 #$$a =740 ##$$a =856 ##$$a